00246nam a22000977a 4500008004100000082001100041100001600052245003300068260003800101300000900139260505b |||||||| |||| 00| 0 eng d a001718 aSadashiv, K aPrachina Bharathada Ithihasa aMysorebGupta offset Prinysc2025 a522p